| 000 | 00410nam a2200145 i 4500 | ||
|---|---|---|---|
| 001 | 89762 | ||
| 003 | ES-MaACL | ||
| 007 | t| | ||
| 008 | 050112s1922 fr ||||1| fre d | ||
| 100 | 1 |
_aLaumonier, J. _970600 |
|
| 245 | 1 | 3 |
_aLa Thérapeutique des péchés capitaux / _cpar J. Laumonier. |
| 260 |
_aParis : _b[s.n.], _c1922 ( _eTours : _fE. Arrault) |
||
| 300 |
_a227 p. ; _c23 cm. |
||
| 852 |
_aES-MaACL _jB-6821 |
||
| 999 |
_c89762 _d89762 |
||